El cuerpo humano; aparato nervioso /

Guardado en:
Autor Principal: Fesquet, Alberto Enrique
Formato: Libro
Publicado: Buenos Aires : Kapelusz, 1959
Edición:6a. ed.
Materias:
Etiquetas: Agregar Etiqueta
Sin Etiquetas, Sea el primero en etiquetar este registro!
LEADER 00616nam a22002055a 4500
001 CEM.cems002499
005 20060221000000.0
008 130507s1959##################000#0#####d
003 CEMS
082 0 4 |a 611 
100 1 |a Fesquet, Alberto Enrique 
245 1 0 |a El cuerpo humano; aparato nervioso / 
250 |a 6a. ed. 
260 |a Buenos Aires :  |b Kapelusz,  |c 1959 
300 |a 91 p. 
653 |a Anatomia 
653 |a Biologia 3er. año 
653 |a Hombre-sistema nervioso 
859 |a CEMS  |b BIB. CEMS - 11 de abril  |h 611  |i F441a6/VI  |p 10503.81  |t Ej.1 
859 |a CEMS  |b BIB. CEMS - 11 de abril  |h 611  |i F441a6/VI  |p 10596.81  |t Ej.2